000 01535naa a2200253 i 4500
001 6342
003 KOSZ 005
005 20180404140304.0
008 160120s2012 pl f |100 0 pol d
040 _cBPK
_dKOSZ 005/ac
041 _apol
_beng
080 _a004.43
100 1 _aKILIŃSKA-WIŚNIEWSKA, Alicja - doktorant.
_bPolitechnika Koszalińska - Wydział Elektroniki i Informatyki
245 1 0 _aUML i Executable UML /
_cAlicja Kilińska-Wiśniewska.
246 3 1 _aUML and Executable UML
500 _aDane z autopsji.
520 _aArtykuł ma na celu przedstawienie aspektów modelowania rozproszonego środowiska bazodanowego w ujęciu heterogenicznym przy zastosowaniu języka UML i jego potomka xUML. W artykule zostanie przedstawione wprowadzenie do języka UML oraz xUML historia języków oraz ich specyfikacja. Executable UML jest podstawowym kryterium w modelowaniu MDA. Jest to nowe podejście do tworzenia specyfikacji i aplikacji na podstawie modelu niezależnie od platformy na której ten system ma funkcjonować.
650 0 _aJęzyki programowania.
650 0 _aUML.
655 0 _aMateriały konferencyjne.
711 2 2 _aKrajowa Konferencja Studentów i Młodych Pracowników Nauki "XXI wiek erą elektroniki i teleinformatyki"
_n(9 ;
_d2012 ;
_cKoszalin, Polska).
773 0 _iW :
_tModele inżynierii teleinformatyki 7 : wybrane zastosowania / red. nauk. Krzysztof Bzdyra. -
_dKoszalin : Wydaw. Uczelniane Politechniki Koszalińskiej, 2012. -
_gs. 55-60
942 _cROZ
_2UKD
999 _c6342
_d6342